00474nam a2200169 a 4500001000400000003000900004008004100013040002800054082001600082100002100098245002400119260004400143300001400187490001600201500006700217650002000284912CO-ViMGA141112s2004 ck r 000 u spa d aCO-ViMGAbspacCO-ViMGA04a843.8 D182c1 aDaudet, Alphonse10aCartas de mi molino aSantafé de Bogotá : bNorma, c1995 a230, 47 p aCara y cruz aEncuadernado con A propósito de Alphonse Daudet y su obra. 14aNOVELA FRANCESA